00544nam a2200193 a 4500001001300000003000900013005001700022008004100039020001000080082001800090100001900108245006100127260005200188300000900240500003500249505001900284650002800303700001900331nice12345678IN_TiNIC20260116015249.0050524s2002 mina grp 000 0 eng  ac10000a371.9754bROT aRothgery, Eric aEarly Modern Islamic Educational Reform in India & Egypt aMinnesota (USA)bSt. Paul Luther Seminaryc2002 a111p aincludes index and biblioraphy2 aResponce Sheet aEducation-Muslims India1 aRothgery, Eric